书目信息 |
| 题名: |
化学习题汇编
|
|
| 作者: | ;上海南市区教师进修学院 编 | |
| 分册: | ||
| 出版信息: | 上海 不详 1979 |
|
| 页数: | 一册 | |
| 开本: | 25cm | |
| 丛书名: | ||
| 单 册: | ||
| 中图分类: | O6-015 | |
| 科图分类: | ||
| 主题词: | 化学--理论 , 化学--方法 | |
| 电子资源: | ||
| ISBN: | ||
| 000 | 00688nam0 2200217 450 | |
| 001 | 0633152186 | |
| 005 | 20060412091615.59 | |
| 010 | @dCNY0.60 | |
| 100 | @a20060412d1979 km y0chiy0120 ea | |
| 101 | 0 | @achi |
| 102 | @aCN@b310000 | |
| 200 | 1 | @a化学习题汇编@Ahua xue xi ti hui bian@e附习题答案@f上海南市区教师进修学院编@Fshang hai nan shi qu jiao shi jin xiu xue yuan bian |
| 210 | @a上海@c不详@d1979 | |
| 215 | @a一册@d25cm | |
| 517 | 1 | @a附习题答案@Afu xi ti da an |
| 606 | 0 | @a化学@x理论 |
| 606 | 0 | @a化学@x方法 |
| 690 | @aO6-015@v4 | |
| 711 | 0 | @a上海南市区教师进修学院@Ashang hai nan shi qu jiao shi jin xiu xue yuan@4编 |
| 801 | 0 | @aCN@bPFT@c20060412 |
| 905 | @a10447@dO6-015@e9 | |
| 化学习题汇编:附习题答案/上海南市区教师进修学院编.-上海:不详,1979 |
| 一册;25cm |
| ISBN :CNY0.60 |
| ● |
| 相关链接 |
|
|
|
|
正题名:化学习题汇编
索取号:O6-015/9
 
预约/预借
| 序号 | 登录号 | 条形码 | 馆藏地/架位号 | 状态 | 备注 |
| 1 | 0011113 | 202222861 | 密集书库/ [索取号:O6-015/9] | 在馆 |